000 01334nam1a2200265 i 4500
001 RU\NLR\bibl\1502557
005 20240921045512.0
035 _a(NLR Aleph) 001494003
090 _a1778122
_c1778122
100 _a20100421g20099999u y0rusy50 ca
101 0 _arus
102 _aRU
105 _a||||z |||||
200 1 _a[Регламент по ремонту железобетонных конструкций подземных коллекторов для инженерных коммуникаций]
_e(альбом конструктивных решений по ремонту, усилению и реконструкции сборных железобетонных обделок коллекторных тоннелей инженерных коммуникаций)
_eдополнение
_fисполнитель: Ю.Р. Шиллер
210 _aМосква
_cРоликс
_d2009
215 _d22x30
463 0 _10011490319
606 1 _aКоллекторные тоннели
_jАльбомы
_xОбделка железобетонная сборная
_xРемонт
_92593804
_3RU\NLR\auth\661532674
686 _aН788.1-083я65
702 1 _aШиллер
_bЮ. Р.
_4220
801 0 _aRU
_bNLR
_c20100421
_gRCR
801 1 _aRU
_bNLR
_c20100421
852 _aNLR
_j2010-8/995
942 _cBOOK